Czy znasz granice krajów? - Statystyki

Ogólne statystyki
  • Ten quiz został rozwiązany 54 razy
    52 od ostatniego zresetowania
  • Średni wynik to 13 z 15
Statystyki odpowiedzi
Zagadnienie Odpowiedź % Poprawnych
Który z tych krajów graniczy z Brazylią? Francja (Gujana Francuska)
100%
Który z tych krajów graniczy z USA? Meksyk
100%
Który z tych krajów graniczy z Szwecją? Norwegia
100%
Który z tych krajów graniczy z Polską? Czechy
92%
Który z tych krajów graniczy z Wielką Brytanią? Irlandia
92%
Który z tych krajów graniczy z Koreą Południową? Korea Płn.
92%
Który z tych krajów graniczy z Sudanem Południowym? Sudan
92%
Który z tych krajów graniczy z Niemcami? Austria
88%
Który z tych krajów graniczy z Kenią? Etiopia
88%
Który z tych krajów graniczy z Rosją? Korea Płn.
88%
Który z tych krajów graniczy z Indonezją? Malezja
88%
Który z tych krajów graniczy z Haiti? Dominikana
83%
Który z tych krajów graniczy z Papua-Nowa Gwinea Indonezja
83%
Który z tych krajów graniczy z Indiami? Pakistan
83%
Który z tych krajów graniczy z Gujaną? Surinam
75%
Nie znaleziono quizów pasujących do podanych kryteriów
Rozkład punktacji
Procent ludzi z każdym wynikiem
Percentyl według liczby udzielonych odpowiedzi
Twoja historia wyników
Nie rozwiązałeś tego quizu od ostatniego zresetowania